Movies Quiz

Random Movies or Animation Quiz

Disney After Dark Quiz Stats

Quiz Updated Jul 23, 2013

Challenge
Share
Tweet
Embed
Score 0/24 Timer 07:00
10 Plays Today
Warning Movie % Correct
When Ariel is first given legs, she is clearly nude from the waist down. Her butt appears on camera for a split second.The Little Mermaid
88.6%
A male car lifts up its chassis as if to flash its privates at a female car.Cars
85.2%
[Title character] and John Smith share passionate kisses twice in the film. Pocahontas
82.1%
[Title charcter] wears a toga that exposes his nipplesHercules
77.9%
[Title character] wears a loincloth.Tarzan
77.3%
Esmeralda pulls a scarf from her cleavage in two different scenes. The Hunchback of Notre Dame
77.3%
Jiminy ogles a bunch of female puppets dancing.Pinocchio
76%
A female doll compliments a male doll's ascot.Toy Story 3
74.7%
Kuzco is told to select his bride from a line-up of young lookalike women. He makes it known that he does not want any of them by berating their appearances.The Emperor's New Groove
72.2%
Perdita gives birth to fifteen puppies and Roger (Pongo's 'pet') says to Pongo, 'Oh, you old rascal!'101 Dalmatians
72.2%
[Title Character] is seen washing up with the birds pouring/squirting water on her. Nothing is shown.Cinderella
65.8%
A young man tries to find a place to hide a rat, that includes putting it down his pants (we see the waistband of his underwear). Ratatouille
65.1%
Warning Movie % Correct
The princess is drawn rather seductively, with a little cleavage and an exposed midriff. And she does flaunt her curvy figure.Aladdin
64.8%
A woman that became a bear acts surprised when she realizes she is 'naked' (no nudity is visible; she is a bear).Brave
59.6%
A stampede of naked men go running in front of [title character]. Nothing is shown.Mulan
55.6%
We briefly see Penny shirtless in her underwear as she gets dressed for bed. She later shows the mice that Brutus and Nero have torn a hole in her underwear.The Rescuers
47.2%
At a party, Charlotte says, 'I'm sweatin' like a sinner in church!' and stuffs tissues into her armpits. The Princess and the Frog
46.9%
A villain catches the [title characters] and is surprised that they got married. He then looks at their kids and says 'And got busy!' The Incredibles
41.8%
A cow says (referring to her udders) 'They're real. So, quit staring!' Home on the Range
37.7%
There is a quick, brief moment during the 'Night on Bald Mountain' sequence in which two flying harpies' breasts are visible very close-up. Fantasia
35.5%
[Title character] finds a discarded bra in the garbage, and not knowing what it is, puts its cups over his eyes.WALL-E
31.9%
A large, buxom gypsy woman is briefly seen dancing seductively on a table for the Horned King's drunken soldiers.The Black Cauldron
26.5%
[Title character] finds a pair of men's undergarments in a lost-and-found box and is grossed out. He knocks out a soldier and dresses the soldier in only the undergarments.Wreck-It Ralph
14.1%
Cook is very promiscuous, and at one point goes so far as to ask Vinny to join in an orgy with several women and dogs.Atlantis: The Lost Empire
10.1%

You're not logged in!

Compare scores with friends on all Sporcle quizzes.
Sign Up with Email
OR
Log In

You Might Also Like...

Show Comments

Extras

Top Quizzes Today


Score Distribution

Your Account Isn't Verified!

In order to create a playlist on Sporcle, you need to verify the email address you used during registration. Go to your Sporcle Settings to finish the process.